000 00215nam a22000857a 4500
008 160816b xxu||||| |||| 00| 0 eng d
100 _9129
_a Kohli, K.S
245 _aWater Colour
260 _aPune
_bJyotsna Prakashan
_c2004
999 _c2784
_d2784